[Event "33rd Zalakaros Open 2014"]
[Site "Zalakaros HUN"]
[Date "2014.05.23"]
[Round "1.22"]
[White "Szalanczy, Emil"]
[Black "Berczes, David"]
[Result "0-1"]
[WhiteTitle "IM"]
[BlackTitle "GM"]
[WhiteElo "2266"]
[BlackElo "2482"]
[WhiteFideId "700347"]
[BlackFideId "722960"]
[EventDate "2014.05.23"]
[EventType "tourn"]

1. e4 e5 2. Nf3 Nc6 3. Bb5 a6 4. Ba4 Nf6 5. O-O Be7 6. Re1 b5 7. Bb3 d6 8. c3
O-O 9. h3 Na5 10. Bc2 c5 11. d4 Nd7 12. Nbd2 exd4 13. cxd4 Nc6 14. Nb3 a5 15.
Bf4 a4 16. Nc1 Nb6 17. Ne2 Nc4 18. b3 Na3 19. Qd2 Bf6 20. Rac1 Bb7 21. Bb1 axb3
22. axb3 Re8 23. dxc5 Nxb1 24. Rxb1 dxc5 25. Nc3 Qxd2 26. Bxd2 Bxc3 27. Bxc3 b4
28. Bd2 Na5 29. e5 Bd5 30. Re3 Rad8 31. Be1 Bxf3 32. gxf3 Rd5 33. f4 Red8 34.
Rc1 Nc6 35. Kg2 Nd4 36. Rc4 Nf5 37. Ree4 g6 38. Rc1 Nd4 39. Re3 Ne6 40. Re4 Rd4
41. Rc4 Rxe4 42. Rxe4 Rd3 43. f3 Rxb3 44. Bh4 Rb2+ 45. Kg3 Ng7 46. f5 Nh5+ 0-1

[Event "33rd Zalakaros Open 2014"]
[Site "Zalakaros HUN"]
[Date "2014.05.23"]
[Round "1.23"]
[White "Romanishin, Oleg M"]
[Black "Varga, Klara"]
[Result "1-0"]
[WhiteTitle "GM"]
[BlackTitle "WIM"]
[WhiteElo "2482"]
[BlackElo "2260"]
[WhiteFideId "14100088"]
[BlackFideId "733210"]
[EventDate "2014.05.23"]
[EventType "tourn"]

1. d4 e6 2. Nf3 Nf6 3. g3 d5 4. Bg2 c5 5. c4 Nc6 6. O-O dxc4 7. Ne5 Nxe5 8. dxe5
Nd5 9. Qa4+ Bd7 10. Qxc4 Nb6 11. Qd3 Qc7 12. Nc3 c4 13. Qd4 Rd8 14. Bg5 Rc8 15.
Rad1 h6 16. Be3 Bc5 17. Qg4 Qxe5 18. Bf4 Qf6 19. Ne4 Qg6 20. Qxg6 fxg6 21. Bd6
Bxd6 22. Nxd6+ Ke7 23. Nxc8+ Bxc8 24. Rd4 Rf8 25. Rc1 Rf5 26. b3 Ra5 27. Rd2
cxb3 28. axb3 Ra3 29. Rc7+ 1-0

[Event "33rd Zalakaros Open 2014"]
[Site "Zalakaros HUN"]
[Date "2014.05.23"]
[Round "1.24"]
[White "Goczo, Melinda"]
[Black "Tolnai, Tibor"]
[Result "0-1"]
[WhiteTitle "WIM"]
[BlackTitle "GM"]
[WhiteElo "2229"]
[BlackElo "2469"]
[WhiteFideId "711985"]
[BlackFideId "700126"]
[EventDate "2014.05.23"]
[EventType "tourn"]

1. d4 e6 2. c4 c5 3. d5 exd5 4. cxd5 a6 5. a4 d6 6. Nc3 g6 7. e4 Bg7 8. Bd3 Nh6
9. h3 O-O 10. Nf3 f5 11. Bg5 Qc7 12. Qd2 fxe4 13. Bxe4 Nf7 14. O-O Nd7 15. Rac1
Nde5 16. Nxe5 Nxg5 17. Qxg5 Bxe5 18. f4 Bd4+ 19. Kh1 Qg7 20. Qg3 Bd7 21. Bc2 b5
22. axb5 axb5 23. Rce1 c4 24. Ne4 Bf5 25. Bb1 Bxe4 26. Rxe4 Bxb2 27. Re6 Rf6 28.
Rfe1 Raf8 29. Re7 R6f7 30. Rxf7 Qxf7 31. f5 Be5 32. Qg4 Kh8 33. Rxe5 dxe5 34.
fxg6 Qf1+ 35. Kh2 Qf4+ 0-1

[Event "33rd Zalakaros Open 2014"]
[Site "Zalakaros HUN"]
[Date "2014.05.23"]
[Round "1.25"]
[White "Baumegger, Siegfried"]
[Black "Boguszlavszkij, Jevgenyij"]
[Result "1-0"]
[WhiteTitle "IM"]
[BlackTitle "IM"]
[WhiteElo "2469"]
[BlackElo "2217"]
[WhiteFideId "1602829"]
[BlackFideId "700614"]
[EventDate "2014.05.23"]
[EventType "tourn"]

1. d4 d5 2. c4 e6 3. Nc3 Nf6 4. Bg5 c6 5. e3 Nbd7 6. cxd5 exd5 7. Bd3 Be7 8. Qc2
O-O 9. Nf3 Re8 10. O-O Nf8 11. Rae1 Ng6 12. Ne5 Ng4 13. Bxe7 Qxe7 14. f4 N4xe5
15. dxe5 Nf8 16. Qf2 Qc5 17. Ne2 Bd7 18. Ng3 Rad8 19. Nh5 Bg4 20. Nxg7 Kxg7 21.
Qg3 d4 22. Qxg4+ Kh8 23. e4 Qe7 24. Rf3 Ne6 25. Qh5 Rg8 26. Ref1 Ng7 27. Qh6 Qe6
28. Qh4 Qg6 29. Rg3 Qh5 30. Qf6 1-0

[Event "33rd Zalakaros Open 2014"]
[Site "Zalakaros HUN"]
[Date "2014.05.23"]
[Round "1.27"]
[White "Fodor, Tamas Jr."]
[Black "Dankhazi, Andras"]
[Result "1/2-1/2"]
[WhiteTitle "GM"]
[WhiteElo "2462"]
[BlackElo "2203"]
[WhiteFideId "723762"]
[BlackFideId "714267"]
[EventDate "2014.05.23"]
[EventType "tourn"]

1. d4 Nf6 2. c4 e6 3. Nf3 d5 4. Nc3 c5 5. cxd5 Nxd5 6. g3 cxd4 7. Nxd4 Nxc3 8.
bxc3 Qd5 9. f3 Nc6 10. e4 Qa5 11. Bd2 Be7 12. Nb3 Qc7 13. Be2 e5 14. O-O Be6 15.
Be3 O-O 16. Nc5 Bxc5 17. Bxc5 Rfd8 18. Qe1 Na5 19. Be3 Bc4 20. Bxc4 Qxc4 21. Rf2
Nc6 22. Rc1 Rd3 23. Rd2 Rxd2 24. Qxd2 Rd8 25. Qb2 b6 26. Kf2 Rd7 27. Qb3 Na5 28.
Qxc4 Nxc4 29. Ke2 f6 30. Rb1 Kf7 31. Bc1 Ke6 32. Rb4 Na5 33. f4 g6 34. Be3 Rc7
35. Kd3 Rd7+ 36. Kc2 Rc7 37. Kd3 Rd7+ 1/2-1/2

[Event "33rd Zalakaros Open 2014"]
[Site "Zalakaros HUN"]
[Date "2014.05.23"]
[Round "1.28"]
[White "Peczely, Sebastian Zsombor"]
[Black "Bokros, Albert"]
[Result "0-1"]
[BlackTitle "IM"]
[WhiteElo "2200"]
[BlackElo "2461"]
[WhiteFideId "750964"]
[BlackFideId "710458"]
[EventDate "2014.05.23"]
[EventType "tourn"]

1. e4 c5 2. Nf3 e6 3. d4 cxd4 4. Nxd4 Nf6 5. Nc3 d6 6. Be3 a6 7. f3 b5 8. Qd2
Nbd7 9. g4 Nb6 10. h4 Bb7 11. g5 Nfd7 12. b3 Rc8 13. O-O-O Qc7 14. Ndxb5 axb5
15. Nxb5 Qc6 16. Na7 Qc7 17. Nb5 Qc6 18. Na7 Qc3 19. Qxc3 Rxc3 20. Bd4 Rxf3 21.
a4 e5 22. Bxb6 Nxb6 23. Bb5+ Kd8 24. a5 Nc8 25. Nxc8 Kxc8 26. a6 Bxe4 27. a7 Be7
28. Rhe1 Ba8 29. Kb2 h6 30. c4 hxg5 31. c5 d5 32. c6 Rd8 33. Rd4 gxh4 0-1

[Event "33rd Zalakaros Open 2014"]
[Site "Zalakaros HUN"]
[Date "2014.05.23"]
[Round "1.29"]
[White "Petenyi, Tamas"]
[Black "Havanecz, Bianka"]
[Result "1-0"]
[WhiteTitle "IM"]
[WhiteElo "2448"]
[BlackElo "2195"]
[WhiteFideId "14909090"]
[BlackFideId "704814"]
[EventDate "2014.05.23"]
[EventType "tourn"]

1. e4 c5 2. Nf3 d6 3. d4 cxd4 4. Nxd4 Nf6 5. Nc3 a6 6. Be3 e5 7. Nf3 Qc7 8. Bg5
Nbd7 9. a4 b6 10. Bd3 Be7 11. O-O h6 12. Bxf6 Nxf6 13. Qe2 O-O 14. Rad1 Qc5 15.
Bc4 Kh7 16. Nd5 Nxd5 17. Bxd5 Ra7 18. Rd3 Bd7 19. b3 b5 20. axb5 axb5 21. c3 Bc6
22. b4 Qb6 23. g3 Ra3 24. Rc1 Bd7 25. Kg2 Qa6 26. c4 Rxd3 27. Qxd3 Qa4 28. c5
dxc5 29. bxc5 f5 30. Nxe5 Bc8 31. c6 Bd6 32. Nf3 Bc7 33. Re1 Qa7 34. exf5 Bxf5
35. Be4 Bxe4 36. Rxe4 Kh8 37. Re7 Qb6 38. Qg6 Rg8 39. Ng5 1-0

[Event "33rd Zalakaros Open 2014"]
[Site "Zalakaros HUN"]
[Date "2014.05.23"]
[Round "1.30"]
[White "Erdos, Boglarka"]
[Black "Meszaros, Tamas"]
[Result "0-1"]
[BlackTitle "IM"]
[WhiteElo "2185"]
[BlackElo "2438"]
[WhiteFideId "727458"]
[BlackFideId "717410"]
[EventDate "2014.05.23"]
[EventType "tourn"]

1. Nf3 Nf6 2. g3 d5 3. Bg2 c6 4. O-O Bg4 5. c4 e6 6. cxd5 exd5 7. d3 Be7 8. Nc3
d4 9. Ne4 Nxe4 10. dxe4 Bxf3 11. Bxf3 Na6 12. e5 Qd7 13. Qc2 Rd8 14. Rd1 O-O 15.
Be4 Nb4 16. Bxh7+ Kh8 17. Qf5 g6 18. Bxg6 fxg6 19. Qxg6 Qh3 20. Qh6+ Qxh6 21.
Bxh6 Rf5 22. a3 Na6 23. Bf4 Nc5 24. e4 Nxe4 25. Re1 Nc5 26. b4 Ne6 27. Bd2 Rf3
28. Kg2 Rdf8 29. Rf1 b6 30. Ra2 c5 31. bxc5 bxc5 32. Bf4 Rb3 33. Bc1 Rff3 34.
Be3 Rf5 0-1

[Event "33rd Zalakaros Open 2014"]
[Site "Zalakaros HUN"]
[Date "2014.05.23"]
[Round "1.31"]
[White "Nagy, Gabor1"]
[Black "Juhasz, Barbara"]
[Result "1/2-1/2"]
[WhiteTitle "IM"]
[BlackTitle "WFM"]
[WhiteElo "2438"]
[BlackElo "2161"]
[WhiteFideId "737119"]
[BlackFideId "743585"]
[EventDate "2014.05.23"]
[EventType "tourn"]

1. Nf3 Nf6 2. c4 g6 3. d4 Bg7 4. g3 c6 5. Bg2 d5 6. b3 O-O 7. O-O Ne4 8. Bb2 Be6
9. Nc3 Nxc3 10. Bxc3 h6 11. c5 Nd7 12. Qc1 Bg4 13. Re1 Re8 14. Ne5 Nxe5 15. dxe5
Qc7 16. Qb2 Rad8 17. Rad1 Rf8 18. h3 Be6 19. Kh2 f6 20. exf6 Bxf6 21. Bxf6 exf6
22. e4 Qf7 23. Rd4 Rd7 24. Qd2 dxe4 25. Rxd7 Bxd7 26. Rxe4 Kg7 27. Qd6 Re8 28.
Rd4 Bc8 29. Rd2 Qe7 30. Qd4 Qe5 31. Qb4 Qe1 32. Qd4 Qe5 33. Qb4 1/2-1/2

[Event "33rd Zalakaros Open 2014"]
[Site "Zalakaros HUN"]
[Date "2014.05.23"]
[Round "1.32"]
[White "Maroroa, Sue"]
[Black "Seres, Lajos"]
[Result "0-1"]
[WhiteTitle "WIM"]
[BlackTitle "GM"]
[WhiteElo "2131"]
[BlackElo "2435"]
[WhiteFideId "4301498"]
[BlackFideId "701254"]
[EventDate "2014.05.23"]
[EventType "tourn"]

1. e4 c5 2. Nc3 Nc6 3. f4 g6 4. Nf3 Bg7 5. Bb5 Nd4 6. O-O Nxb5 7. Nxb5 d6 8. Qe1
a6 9. Nc3 b5 10. d3 Bb7 11. f5 Nf6 12. Qh4 Qd7 13. a4 b4 14. Ne2 gxf5 15. Ng3
fxe4 16. Nxe4 O-O-O 17. Nfg5 Nxe4 18. dxe4 Bf6 19. Qh5 Rhg8 20. Re1 Bd4+ 21. Kh1
f5 22. Qh3 fxe4 23. Qxd7+ Kxd7 24. h4 Bf2 25. Re2 Bxh4 0-1

[Event "33rd Zalakaros Open 2014"]
[Site "Zalakaros HUN"]
[Date "2014.05.23"]
[Round "1.33"]
[White "Korpa, Bence"]
[Black "Terbe, Julianna"]
[Result "1-0"]
[WhiteTitle "FM"]
[WhiteElo "2415"]
[BlackElo "2130"]
[WhiteFideId "706671"]
[BlackFideId "708780"]
[EventDate "2014.05.23"]
[EventType "tourn"]

1. c4 g6 2. g3 Bg7 3. Bg2 d6 4. Nc3 Nc6 5. Nf3 e5 6. O-O f5 7. d3 Nf6 8. Nd5 h6
9. Nh4 g5 10. Ng6 Rg8 11. h4 f4 12. e3 Bf5 13. h5 Qd7 14. exf4 gxf4 15. Qb3 Nxh5
16. Qxb7 Rb8 17. Qa6 Nd4 18. Qxa7 Rc8 19. Nh4 Bxd3 20. Rd1 Ne2+ 21. Kh2 fxg3+
22. fxg3 Nhxg3 23. Rxd3 Qd8 24. Ng6 Bf6 25. Rxg3 Nxg3 26. Kxg3 Rxg6+ 27. Kh2 Bh4
28. Qb7 Qd7 29. Nf6+ 1-0

[Event "33rd Zalakaros Open 2014"]
[Site "Zalakaros HUN"]
[Date "2014.05.23"]
[Round "1.34"]
[White "Hrbolka, Ladislav"]
[Black "Czebe, Attila"]
[Result "0-1"]
[WhiteTitle "FM"]
[BlackTitle "GM"]
[WhiteElo "2110"]
[BlackElo "2409"]
[WhiteFideId "300772"]
[BlackFideId "705268"]
[EventDate "2014.05.23"]
[EventType "tourn"]

1. d4 e6 2. Nf3 c5 3. c4 cxd4 4. Nxd4 Nf6 5. g3 Qc7 6. Nd2 Nc6 7. Nb5 Qb8 8. Bg2
a6 9. Nc3 b5 10. O-O Be7 11. e4 O-O 12. Re1 Ne5 13. Qe2 Bb7 14. cxb5 axb5 15.
Nf3 b4 16. Nxe5 Qxe5 17. Bf4 Qa5 18. Nd1 d5 19. exd5 Bxd5 20. Ne3 Bxg2 21. Nxg2
Rfd8 22. Qc2 Rac8 23. Qb3 Qd5 24. Qa4 Ra8 25. Qb3 Qxb3 26. axb3 Nd5 27. Be5 f6
28. Bd4 Kf7 29. Ra4 Rac8 30. Ra7 Rc7 31. Rxc7 Nxc7 32. Bb6 Rd7 33. Bxc7 Rxc7 34.
Ne3 Rd7 35. Nc4 Bc5 36. Re2 Rd3 37. Na5 g5 38. Rc2 Bb6 39. Nc4 Bc7 40. h3 h5 41.
Kg2 f5 42. Rd2 Rxd2 43. Nxd2 Kf6 44. Nc4 Be5 45. f3 g4 46. hxg4 hxg4 47. fxg4
fxg4 48. Ne3 Kg5 49. Nc2 Bd6 50. Kf2 Bc5+ 51. Ke2 Kf6 52. Ne1 Bd6 53. Nd3 Kf5
54. Ke3 Bxg3 55. Nxb4 Bc7 56. Nd3 Bb6+ 57. Ke2 e5 58. b4 Bd4 59. b3 e4 60. Ne1
g3 61. Kf1 Bb6 62. Nc2 Kf4 63. Kg2 e3 64. b5 e2 65. b4 Bf2 66. b6 Bxb6 0-1

[Event "33rd Zalakaros Open 2014"]
[Site "Zalakaros HUN"]
[Date "2014.05.23"]
[Round "1.35"]
[White "Donchenko, Alexander"]
[Black "Csonka, Attila Istvan"]
[Result "1-0"]
[WhiteTitle "IM"]
[BlackTitle "IM"]
[WhiteElo "2498"]
[BlackElo "2351"]
[WhiteFideId "24603295"]
[BlackFideId "716529"]
[EventDate "2014.05.23"]
[EventType "tourn"]

1. Nf3 Nf6 2. c4 c5 3. g3 Nc6 4. Bg2 d5 5. cxd5 Nxd5 6. Nc3 Nc7 7. O-O e5 8. a3
Be6 9. b4 f6 10. Rb1 cxb4 11. axb4 Be7 12. b5 Nd4 13. e3 Nf5 14. b6 axb6 15.
Rxb6 Bc4 16. Re1 Ra7 17. d4 Ne6 18. Rb1 O-O 19. Nd2 Bd3 20. Bd5 Ra6 21. Qb3 Kf7
22. Bxb7 exd4 23. Bxa6 Bxa6 24. exd4 Nxd4 25. Qa2 Bd3 26. Rb7 Qc8 27. Rxe7+ Kxe7
28. Qa7+ Ke8 29. Qxd4 1-0

[Event "33rd Zalakaros Open 2014"]
[Site "Zalakaros HUN"]
[Date "2014.05.24"]
[Round "2.1"]
[White "Berczes, David"]
[Black "Rapport, Richard"]
[Result "0-1"]
[WhiteTitle "GM"]
[BlackTitle "GM"]
[WhiteElo "2482"]
[BlackElo "2701"]
[WhiteFideId "722960"]
[BlackFideId "738590"]
[EventDate "2014.05.23"]
[EventType "tourn"]

1. d4 Nf6 2. Nf3 e6 3. c4 c5 4. e3 g6 5. Nc3 Bg7 6. dxc5 Qa5 7. Nd2 Qxc5 8. Nde4
Nxe4 9. Nxe4 Qe5 10. Nd6+ Ke7 11. Nb5 Nc6 12. Be2 a6 13. Nd4 Nxd4 14. exd4 Qxd4
15. Bg5+ Ke8 16. Qxd4 Bxd4 17. O-O-O h6 18. Bf4 Bxf2 19. Be5 Rg8 20. Bf3 Bc5 21.
Rhf1 a5 22. Bd6 Bxd6 23. Rxd6 Ra6 24. c5 Kd8 25. Be2 Rxd6 26. cxd6 f5 27. Rf3 e5
28. Rh3 h5 29. Ra3 Rf8 30. Rxa5 Rf6 31. Rxe5 Rxd6 32. Bf3 Re6 33. Ra5 d6 34. h4
Kc7 35. Kd2 Re5 36. b4 f4 37. Ra8 Re3 38. a4 Bg4 39. Bd5 Re5 40. Ra5 g5 41. hxg5
Rxg5 42. Rb5 Bc8 43. Ke1 b6 44. Bf3 Rxb5 45. axb5 Bg4 46. Bd5 Bd7 47. Bc4 h4 48.
Kf2 Bg4 49. Bd5 Kd7 50. Ke1 Ke7 51. Kd2 Kf6 52. Kd3 Ke5 53. Bc6 d5 54. Bb7 Bf3
55. Kd2 Bxg2 56. Ke1 h3 57. Kf2 d4 58. Bc8 d3 0-1

[Event "33rd Zalakaros Open 2014"]
[Site "Zalakaros HUN"]
[Date "2014.05.24"]
[Round "2.2"]
[White "Berkes, Ferenc"]
[Black "Donchenko, Alexander"]
[Result "1-0"]
[WhiteTitle "GM"]
[BlackTitle "IM"]
[WhiteElo "2665"]
[BlackElo "2498"]
[WhiteFideId "718572"]
[BlackFideId "24603295"]
[EventDate "2014.05.23"]
[EventType "tourn"]

1. e4 c5 2. c3 d5 3. exd5 Qxd5 4. d4 g6 5. Na3 cxd4 6. Nb5 Qd8 7. Bf4 Na6 8. Be5
Nf6 9. Qxd4 Qxd4 10. Bxd4 Bg7 11. Nxa7 e5 12. Be3 Be6 13. Nb5 Ke7 14. Nf3 Nd5
15. Bd2 Nc5 16. c4 Nb6 17. Bb4 Rhc8 18. Nd2 Ra4 19. a3 f5 20. Be2 e4 21. Rb1
Raa8 22. O-O Be5 23. f3 e3 24. Nb3 Na4 25. f4 Bf6 26. Nxc5 Nxc5 27. Rf3 g5 28.
Rxe3 gxf4 29. Rh3 Bg8 30. Bf3 Bxc4 31. Rxh7+ Kd8 32. Bxc5 Rxc5 33. Rd1+ Ke8 34.
Nc7+ 1-0

[Event "33rd Zalakaros Open 2014"]
[Site "Zalakaros HUN"]
[Date "2014.05.24"]
[Round "2.3"]
[White "Tolnai, Tibor"]
[Black "Erdos, Viktor"]
[Result "1/2-1/2"]
[WhiteTitle "GM"]
[BlackTitle "GM"]
[WhiteElo "2469"]
[BlackElo "2651"]
[WhiteFideId "700126"]
[BlackFideId "719978"]
[EventDate "2014.05.23"]
[EventType "tourn"]

1. Nf3 Nf6 2. g3 c5 3. Bg2 Nc6 4. c4 g6 5. Nc3 Bg7 6. d4 cxd4 7. Nxd4 O-O 8. O-O
Qa5 9. Nc2 d6 10. Bd2 Qh5 11. e4 Ng4 12. h4 f5 13. exf5 Bxf5 14. Ne3 Nxe3 15.
Qxh5 gxh5 16. Bxe3 Bg4 17. c5 dxc5 18. Bxc5 Bxc3 19. bxc3 Bf3 20. Rfe1 Bxg2 21.
Kxg2 Rae8 22. Re6 Rf6 23. Re4 Kf7 1/2-1/2

[Event "33rd Zalakaros Open 2014"]
[Site "Zalakaros HUN"]
[Date "2014.05.24"]
[Round "2.4"]
[White "Jones, Gawain C B"]
[Black "Nemeth, Miklos1"]
[Result "1-0"]
[WhiteTitle "GM"]
[BlackTitle "IM"]
[WhiteElo "2645"]
[BlackElo "2492"]
[WhiteFideId "409561"]
[BlackFideId "720232"]
[EventDate "2014.05.23"]
[EventType "tourn"]

1. d4 Nf6 2. c4 e6 3. Nc3 Bb4 4. e3 O-O 5. Bd3 d5 6. Nf3 c5 7. O-O cxd4 8. exd4
dxc4 9. Bxc4 b6 10. Bg5 Bb7 11. Rc1 Nbd7 12. Qe2 Rc8 13. Rfd1 h6 14. Bh4 Bxf3
15. gxf3 Bxc3 16. Rxc3 Re8 17. Bb5 Rxc3 18. bxc3 Re7 19. Qe3 Qa8 20. c4 Nf8 21.
Bxf6 gxf6 22. d5 Rc7 23. Qxh6 a6 24. Bc6 Qd8 25. Kh1 Ng6 26. Rg1 Qf8 27. Qf4 Qd8
28. Qh6 Qf8 29. Qh5 Kg7 30. f4 f5 31. Qe2 Kh7 32. Qe3 Qd6 33. Qxb6 Qxf4 34. Qb3
Qxf2 35. Qh3+ Kg7 36. Qc3+ Kh7 37. Qh3+ Kg7 38. Qd3 Rc8 39. h3 Qf4 40. Bd7 Qxc4
41. Qxc4 Rxc4 42. dxe6 Kf6 43. exf7 Kxf7 44. Bxf5 Nf4 45. Rf1 Kf6 46. Bd3 Ra4
47. Bc2 Rd4 48. h4 a5 49. Rf2 Kg7 50. Rf3 Kh6 51. Ra3 Kh5 52. Rxa5+ Kxh4 53. Rc5
Kg3 54. Kg1 Nd5 55. Kf1 Kf3 56. Ke1 Ne3 57. Rc3 Rh4 58. Bd1+ Ke4 59. Kd2 Rh2+
60. Be2 Nf1+ 61. Ke1 Ne3 62. a4 Ng2+ 63. Kd1 Nf4 64. Bb5 Kd4 65. Rc4+ Ke3 66.
Kc1 Ne2+ 67. Kb2 Nd4+ 68. Ka3 Ke4 69. Kb4 Kd5 70. Rc8 Rb2+ 71. Ka5 Kd6 72. Kb6
Rb1 73. Rd8+ Ke5 74. Rd7 Rb2 75. Kc5 Ne6+ 76. Kc4 Rc2+ 77. Kb4 Rb2+ 78. Kc3 Rb1
79. Bc4 Rc1+ 80. Kb4 Rb1+ 81. Ka3 Nd4 82. a5 Nc2+ 83. Ka2 Rb4 84. Bf7 Nd4 85.
Rd5+ Ke4 86. Rc5 Rb5 87. Rxb5 Nxb5 88. Kb3 Nd6 89. a6 Nc8 90. Kc4 Ke5 91. Kc5
Kf6 92. Bh5 Ke7 93. Bg4 Kd8 94. Kc6 1-0

[Event "33rd Zalakaros Open 2014"]
[Site "Zalakaros HUN"]
[Date "2014.05.24"]
[Round "2.6"]
[White "Kovalenko, Igor"]
[Black "Romanishin, Oleg M"]
[Result "1/2-1/2"]
[WhiteTitle "GM"]
[BlackTitle "GM"]
[WhiteElo "2611"]
[BlackElo "2482"]
[WhiteFideId "14117908"]
[BlackFideId "14100088"]
[EventDate "2014.05.23"]
[EventType "tourn"]

1. c4 e5 2. g3 Nf6 3. Bg2 c6 4. d4 Bb4+ 5. Nc3 d6 6. Nf3 e4 7. Nd2 d5 8. Qa4 a5
9. a3 Be7 10. cxd5 b5 11. Qc2 cxd5 12. Nxb5 O-O 13. O-O Qb6 14. Nc3 Qxd4 15. Nb3
Qc4 16. Bf4 a4 17. Nd2 Qa6 18. f3 exf3 19. Nxf3 Nc6 20. Rad1 Qc4 21. e3 Bg4 22.
Rf2 Rad8 23. Qxa4 Qxa4 24. Nxa4 g5 25. Bc7 Ra8 26. Nc3 Rfc8 27. Bb6 Rab8 28. Bd4
Nxd4 29. Rxd4 Bc5 30. Nxg5 Bxd4 31. exd4 Kg7 32. h3 Bh5 33. Kh2 h6 34. Nf3 Ne4
35. Nxe4 dxe4 36. Nh4 Re8 37. Nf5+ Kf8 38. g4 Bg6 39. Ne3 Rb3 40. Re2 Reb8 41.
Nc4 e3 42. Rxe3 Rxe3 43. Nxe3 Rxb2 44. Kg3 Rb3 45. Kf4 Rxa3 46. Bf1 Ke7 47. Bc4
Ra4 48. h4 f6 49. h5 Bb1 50. Nd5+ Kf8 51. Ne3 Bh7 52. Kf3 Ra5 53. Bd5 f5 1/2-1/2

[Event "33rd Zalakaros Open 2014"]
[Site "Zalakaros HUN"]
[Date "2014.05.24"]
[Round "2.7"]
[White "Bokros, Albert"]
[Black "Banusz, Tamas"]
[Result "1/2-1/2"]
[WhiteTitle "IM"]
[BlackTitle "GM"]
[WhiteElo "2461"]
[BlackElo "2609"]
[WhiteFideId "710458"]
[BlackFideId "722413"]
[EventDate "2014.05.23"]
[EventType "tourn"]

1. e4 c5 2. Nf3 e6 3. d3 Nc6 4. g3 Nf6 5. Bg2 d5 6. Qe2 Be7 7. O-O O-O 8. e5 Nd7
9. c4 b5 10. cxd5 exd5 11. Nc3 Nb6 12. Nxb5 a6 13. Nc3 Bg4 14. h3 Nd4 15. Qd1
Nxf3+ 16. Bxf3 Bxh3 17. Re1 Be6 18. Bf4 Qd7 19. Rc1 Rac8 20. b3 h6 21. Bg2 a5
22. d4 c4 23. bxc4 Nxc4 24. Qa4 Qd8 25. Nd1 Qb6 26. Be3 Qb4 27. Qxb4 axb4 28. f4
Rfd8 29. Bf2 Ra8 30. Re2 Ra3 31. Be1 Bg4 32. Rf2 Rxg3 33. Rfc2 Ra3 34. Bxd5 Nb6
35. Bb3 Rxd4 36. Ne3 Rxf4 37. Nxg4 Rxg4+ 38. Kf1 Re4 39. Bf2 Rxb3 40. axb3 Nd5
41. Re1 Rf4 42. Kg2 Rf5 43. Bg3 Bg5 44. Rf2 Rxf2+ 45. Kxf2 f5 46. exf6 Bxf6 47.
Kf3 Kf7 48. Rd1 Ke6 49. Re1+ Kf5 50. Rd1 Nc3 51. Ra1 Ke6 52. Ra6+ Kd5 53. Bd6
Nb5 54. Bxb4 Nd4+ 55. Kg4 Nxb3 1/2-1/2

[Event "33rd Zalakaros Open 2014"]
[Site "Zalakaros HUN"]
[Date "2014.05.24"]
[Round "2.8"]
[White "Bachmann, Axel"]
[Black "Baumegger, Siegfried"]
[Result "1-0"]
[WhiteTitle "GM"]
[BlackTitle "IM"]
[WhiteElo "2589"]
[BlackElo "2469"]
[WhiteFideId "3700488"]
[BlackFideId "1602829"]
[EventDate "2014.05.23"]
[EventType "tourn"]

1. Nf3 d5 2. c4 e6 3. e3 Nf6 4. Nc3 Nbd7 5. d4 a6 6. cxd5 exd5 7. Bd3 Bd6 8. O-O
O-O 9. b3 Re8 10. Qc2 Nf8 11. Bb2 Bg4 12. Nd2 Bh5 13. Rfe1 Bg6 14. h3 c6 15. a3
Rc8 16. Rac1 Rc7 17. Na4 Bxd3 18. Qxd3 Rce7 19. Nc5 Ne6 20. b4 Ng5 21. Qf5 Nge4
22. Ndxe4 Nxe4 23. a4 g6 24. Qf3 Nd2 25. Qf6 Nc4 26. Bc3 b6 27. Nd3 Qd7 28. Rc2
Re6 29. Qf3 Qe7 30. Rec1 Qh4 31. Be1 h5 32. Rxc4 dxc4 33. Rxc4 Rf6 34. Qe2 Rfe6
35. f4 Qd8 36. Bd2 Bf8 37. Ne5 c5 38. bxc5 bxc5 39. dxc5 Bg7 40. Bc3 f6 41. Rd4
Qc7 42. Nc4 Qxc5 43. Qd3 f5 44. Rd7 Bxc3 45. Qxc3 R6e7 46. Rd6 Re6 47. Rd7 R6e7
48. Rd6 Re6 49. Qb3 Kh7 50. Rd4 Kh6 51. Qb2 Kh7 52. Kh2 Qc7 53. Qb3 Rd8 54. Ne5
Rxd4 55. Qxe6 Rd6 56. Qe8 Qd8 57. Qf7+ Kh6 58. Qb7 Rf6 59. Nf7+ Rxf7 60. Qxf7
Qd3 61. Qa7 Qe2 62. Qe7 Qd3 63. a5 Qe2 64. Qa7 Qf1 65. Qb8 Kh7 66. Qc7+ Kh6 67.
Qd8 Kh7 68. Qe7+ Kh6 69. Qf8+ Kh7 70. Qf7+ Kh6 71. Qg8 Qa1 72. Qf8+ Kh7 73. Qe7+
Kh6 74. Qe5 Qxe5 75. fxe5 g5 76. h4 gxh4 77. Kh3 1-0

[Event "33rd Zalakaros Open 2014"]
[Site "Zalakaros HUN"]
[Date "2014.05.24"]
[Round "2.9"]
[White "Gonda, Laszlo"]
[Black "Petenyi, Tamas"]
[Result "1/2-1/2"]
[WhiteTitle "GM"]
[BlackTitle "IM"]
[WhiteElo "2563"]
[BlackElo "2448"]
[WhiteFideId "720852"]
[BlackFideId "14909090"]
[EventDate "2014.05.23"]
[EventType "tourn"]

1. d4 Nf6 2. Nf3 g6 3. c4 Bg7 4. g3 d6 5. Bg2 O-O 6. Nc3 Nc6 7. O-O a6 8. e3 e6
9. Ne1 Bd7 10. Nd3 Rb8 11. Qc2 Re8 12. b3 Ne7 13. Bb2 h5 14. Rfd1 h4 15. Rac1
hxg3 16. hxg3 Nf5 17. Ne2 Qe7 18. e4 Nh6 19. f3 c5 20. Qd2 Nh7 21. dxc5 dxc5 22.
Bxg7 Kxg7 23. Ne5 Bc8 24. Nf4 Nf8 25. Kf2 f6 26. Ned3 Nf7 27. Qe3 b6 28. Rh1 1/2-1/2

[Event "33rd Zalakaros Open 2014"]
[Site "Zalakaros HUN"]
[Date "2014.05.24"]
[Round "2.10"]
[White "Kovchan, Alexander"]
[Black "Meszaros, Tamas"]
[Result "1-0"]
[WhiteTitle "GM"]
[BlackTitle "IM"]
[WhiteElo "2558"]
[BlackElo "2438"]
[WhiteFideId "14103052"]
[BlackFideId "717410"]
[EventDate "2014.05.23"]
[EventType "tourn"]

1. e4 e5 2. Nf3 Nc6 3. Nc3 Nf6 4. d4 exd4 5. Nxd4 Bb4 6. Nxc6 bxc6 7. Bd3 d5 8.
exd5 cxd5 9. O-O O-O 10. Bg5 c6 11. h3 Bd6 12. Qf3 Rb8 13. b3 h6 14. Bf4 Rb4 15.
Bxd6 Qxd6 16. Rfe1 Be6 17. Ne2 Re8 18. c3 Rbb8 19. Qf4 Qxf4 20. Nxf4 Bd7 21. c4
a5 22. Rxe8+ Rxe8 23. Kf1 Rb8 24. Ne2 a4 25. bxa4 Rb4 26. cxd5 cxd5 27. a5 Ra4
28. a6 Ra3 29. Nc1 Ne4 30. Nb3 Bc8 31. f3 Nd2+ 32. Nxd2 Rxd3 33. a7 Ra3 34. Rc1
Ba6+ 35. Ke1 Bc4 36. Nxc4 dxc4 37. Rxc4 Rxa7 38. a4 g5 39. Kd2 Kg7 40. Kc3 Kg6
41. Kb4 Rb7+ 42. Ka3 Rb1 43. a5 f6 44. Ra4 Ra1+ 45. Kb4 Rb1+ 46. Kc5 Rc1+ 47.
Kb5 1-0